000 00567nam a2200205Ia 4500
003 GCL
008 140319s9999 xx 000 0 ara d
040 _aGCL /
_cGCL
082 0 4 _a343
_bا ا
100 1 _aابن رجب الحنبلى
245 1 0 _aاسباب المغفرة /
_cابن رجب الحنبلى
260 _a[S.N] :
_bمكتبة التراث الاسلامى ،
_c1987
300 _a112 ص
490 _a
650 0 4 _aالتوحيد
650 0 4 _aالدعاء
650 0 4 _aتصوف اسلامى
650 0 4 _aالتوبة
942 _2ddc
_cBK
999 _c54342
_d54342